00272nam a2200121Ia 45000030006000000080041000060400015000471000012000622450038000742600009001125460012001210050017001330STCL150530s9999 xx 000 0 und d aSTCLcSTCL aEulau,H aBehavioral Persuasion in Politics c1963 aEnglish20220125165442.0